00593nam a2200181 a 450000100100000000500170001000800410002702000140006804000250008204100080010710000250011524500560014026000650019630000240026150000720028550000210035750400330037800003244620200930065638.0110718s1972 dr 000 0 spa d a674214803 aDO-SdBNPbspacBNPHU17aeng1 aLowenthal, Abraham F13athe dominican intervention /cAbraham F. Lowenthal. aCambridge, Massachusetts :bHarvard University Press,c1972. ax, 246 p. ;c22 cm. aIncluye referencia bibliográficas y notas al pie de las páginas aIncluye índice aBibliografía : p.2 219-238